Plantas útiles de Lagarto Cocha y Serranía de Churumbelo en el departamento de Putumayo / (Registro nro. 3717)

Detalles MARC
000 -CABECERA
Campo de control 01087cam a2200265 a 4500
005 - FECHA Y HORA DE LA ULTIMA TRANSACCION
Campo de control 20160727122807.0
008 - ELEMENTOS DE LONGITUD FIJA—INFORMACION GENERAL
Campo de control 040603s2002 ck ad r 000 0 spa d
020 ## - ISBN
ISBN 9589723500
040 ## - FUENTE DE CATALOGACIÓN
Agencia catalogadora original CO-BoPUJ
Agencia transcriptora CO-BoIAVH
Agencia Modificadora CO-BoIAVH
041 0# - IDIOMA
Código de idioma para texto/pista de sonido o título separado Español
044 ## - PAÍS DE PUBLICACIÓN
País de publicación Colombia
082 04 - NUMERO DE CLASIFICACION DECIMAL DEWEY
Número de clasificación 581.6
Número del ítem P71u
245 00 - MENCION DE TITULO
Título Plantas útiles de Lagarto Cocha y Serranía de Churumbelo en el departamento de Putumayo /
Mención de responsabilidad Dairon Cárdenas López [y otros 4]
250 ## - MENCION DE EDICION
Mención de edición Primera edición
260 ## - PUBLICACION, DISTRIBUCION, ETC. (PIE DE IMPRENTA)
Lugar de publicación, distribución, etc. Bogotá, Colombia :
Nombre del editor, distribuidor, etc. Instituto Amazónico de Investigaciones Científicas,
Fecha de publicación, distribución, etc. 2002.
300 ## - DESCRIPCION FISICA
Extensión 39 páginas :
Otros detalles físicos ilustraciones, cuadros y fotos a color ;
Dimensiones 24 x 17 cm.
504 ## - NOTA DE BIBLIOGRAFIA, ETC.
Nota de bibliografía Incluye referencias bibliográficas: páginas 38-39.
650 26 - ASIENTO SECUNDARIO DE MATERIA - TERMINO TEMATICO
Término temático o nombre geográfico como elemento de entrada Botánica
Subdivisión geográfica Putumayo (Colombia)
9 (RLIN) 73496
650 26 - ASIENTO SECUNDARIO DE MATERIA - TERMINO TEMATICO
Término temático o nombre geográfico como elemento de entrada Plantas medicinales
Subdivisión geográfica Putumayo (Colombia)
9 (RLIN) 73497
650 26 - ASIENTO SECUNDARIO DE MATERIA - TERMINO TEMATICO
Término temático o nombre geográfico como elemento de entrada Botánica
Subdivisión general descripción
-- fitoquímica
Subdivisión cronológica Putumayo (Colombia)
9 (RLIN) 73498
700 1# - ASIENTO SECUNDARIO - NOMBRE PERSONAL
Nombre personal Cárdenas López, Dairón
Término de relación autor
9 (RLIN) 73499
700 1# - ASIENTO SECUNDARIO - NOMBRE PERSONAL
Nombre personal Marín Corba, César Augusto
Término de relación autor
9 (RLIN) 55812
710 2# - ASIENTO SECUNDARIO - NOMBRE CORPORATIVO
Nombre corporativo o de jurisdicción como elemento de entrada Colciencias
9 (RLIN) 73500
942 ## - ELEMENTOS ADICIONALES (KOHA)
Sistema de clasificación Dewey Decimal Classification
Tipo de ítem Libro
Existencias
Withdrawn status Lost status Sistema de Clasificación Damaged status No para préstamo Colección Inventariado Ubicación Permanente Ubicación actual Fecha de adquisición Fuente de Valor Valor Total Checkouts Número topográfico Inventario / Código de Barras Date last seen Ejemplar Price effective from Forma de adquisición Tipo de material
    Dewey Decimal Classification     General Inventariado 2017 Bogotá Bogotá 25/02/2004 Instituto 15000.00   LB-581.6 P71u 014805 04/12/2012 Ej. 1 04/12/2012 Donación Libro
    Dewey Decimal Classification     General Inventariado 2017 Sala Fabio Quevedo Sala Fabio Quevedo 02/03/2017 Instituto 15000.00   LB-581.6 P71u 016340 02/03/2017 Ej. 2 02/03/2017 Donación Libro